00521nam a22002057a 450000500170000001000130001702000220003003500130005203700160006504000120008108200110009310000180010424500420012225000110016426000400017527000530021530000200026865000160028865000110030420170124110112.0 aA-597115 c00.00a8122200532 aA-597115 bCen Lib/Ret aDPLbEN aNbDES aDesai, Anita  aVoices in the city /cby Anita Desai  a6th ed aNew DelhibOrient Paperbacks c1992 bNew Delhi aMadrsa road, Kashmiri gate e110006 a257p.c17cm(Hb) a literature aNovel